Puskás Lajos és a Kolozsvári Tízes Szervezet
Elmentve itt :
| Szerző: | |
|---|---|
| Adatforrás: | Meister |
| Forrásdokumentuma: | Korunk. - 4 sz., 1996, 100-105 p. |
| Nyelv: | magyar |
| Kulcsszavak: | kisebbségtörténet politikatörténet intézménytörténet politikai intézmények Erdély, 1944-1948 purifikálás (1945-) PUSKÁS Lajos NAGY István (író) VESCAN Teofil Kolozsvári Tízes Szervezet (KTSZ) Kolozsvári Szomszédsági Szervezet (SZER) Magyar Népközösség Nemzeti Újjászületés Frontja (FRN) |
| LEADER | 00833nab a2200265 i 4500 | ||
|---|---|---|---|
| 001 | bibPRO00000363 | ||
| 008 | 060524s1996 xx hun | ||
| 040 | |a Sz1 | ||
| 041 | |a hun | ||
| 100 | 1 | |a VINCZE Gábor | |
| 245 | 1 | 0 | |a Puskás Lajos és a Kolozsvári Tízes Szervezet |c VINCZE Gábor |
| 695 | |a kisebbségtörténet | ||
| 695 | |a politikatörténet | ||
| 695 | |a intézménytörténet | ||
| 695 | |a politikai intézmények | ||
| 695 | |a Erdély, 1944-1948 | ||
| 695 | |a purifikálás (1945-) | ||
| 695 | |a PUSKÁS Lajos | ||
| 695 | |a NAGY István (író) | ||
| 695 | |a VESCAN Teofil | ||
| 695 | |a Kolozsvári Tízes Szervezet (KTSZ) | ||
| 695 | |a Kolozsvári Szomszédsági Szervezet (SZER) | ||
| 695 | |a Magyar Népközösség | ||
| 695 | |a Nemzeti Újjászületés Frontja (FRN) | ||
| 773 | 0 | |t Korunk. - |g 4 sz., 1996, 100-105 p. | |